[Event "IECC CL3-2014.03 email"]
[Site "IECC email"]
[Date "2014.09.29"]
[Round "?"]
[White "Oancea, Gheorghe"]
[Black "Boyce, Harry"]
[Result "1/2-1/2"]
[WhiteElo "1894"]
[BlackElo "1931"]
[PlyCount "91"]
[EventDate "2014.??.??"]
[EventType "tourn (corr)"]
[EventRounds "4"]
[SourceTitle "Corr 2020"]
[Source "ChessBase"]
[SourceDate "2019.09.30"]
[SourceVersion "1"]
[SourceVersionDate "2019.09.30"]
[SourceQuality "1"]
[WhiteTeam "Romania"]
[BlackTeam "Australia"]
[WhiteTeamCountry "ROU"]
[BlackTeamCountry "AUS"]

1. e4 c5 2. Nf3 d6 3. d4 cxd4 4. Nxd4 Nf6 5. Nc3 a6 6. Bd3 g6 7. f3 Qb6 8. Rb1 e5 9. Bg5 Bg7 10. Nb3 Be6 11. Qd2 0-0 12. Rd1 Nc6 13. Be3 Qc7 14. 0-0 b5 15. a3 Rab8 16. Rfe1 Rfd8 17. Qf2 b4 18. Na4 Nd7 19. Rb1 Nd4 20. Nxd4 exd4 21. Bxd4 Bxd4 22. Qxd4 Qa5 23. b3 bxa3 24. Qxd6 Rb4 25. f4 a2 26. Ra1 Nf6 27. Qe7 Ng4 28. h3 Rxa4 29. bxa4 Qb6+ 30. Kh1 Nf2+ 31. Kh2 Nxd3 32. cxd3 Rxd3 33. f5 Qb8+ 34. Kh1 Qf4 35. Qc5 Bb3 36. a5 Kg7 37. Re2 gxf5 38. exf5 Bd5 39. Kg1 Kf6 40. Qe7+ Kg7 41. Rf2 Qd4 42. Qg5+ Kf8 43. Qd8+ Kg7 44. Qg5+ Kf8 45. Qd8+ Kg7 46. Qg5+ 1/2-1/2

[Event "SC-2014-0-00237"]
[Site "LSS email"]
[Date "2014.08.25"]
[Round "?"]
[White "Oancea, Gheorghe"]
[Black "Zabransky, Frantisek"]
[Result "1/2-1/2"]
[WhiteElo "1612"]
[BlackElo "1930"]
[PlyCount "56"]
[EventDate "2014.07.26"]
[EventType "tourn (corr)"]
[EventRounds "6"]
[EventCountry "GER"]
[SourceTitle "Corr 2022"]
[Source "ChessBase"]
[SourceDate "2021.10.24"]
[SourceVersion "1"]
[SourceVersionDate "2021.10.24"]
[SourceQuality "1"]

1. e4 c6 2. d4 d5 3. Nd2 dxe4 4. Nxe4 Nd7 5. Nf3 Ngf6 6. Bd3 Nxe4 7. Bxe4 Nf6 8. Bd3 Bg4 9. c3 e6 10. h3 Bh5 11. Be2 Bd6 12. 0-0 Qc7 13. Re1 0-0 14. Bg5 Nd5 15. Nh4 Bxe2 16. Qxe2 h6 17. Bd2 b5 18. Nf3 Rab8 19. a4 a6 20. axb5 axb5 21. b3 c5 22. c4 bxc4 23. bxc4 Ne7 24. Ra6 Ra8 25. Ba5 Qd7 26. Rxa8 Rxa8 27. Bb6 cxd4 28. Bxd4 Rc8 1/2-1/2

[Event "SC-2014-0-00237"]
[Site "LSS email"]
[Date "2014.08.22"]
[Round "?"]
[White "Oancea, Gheorghe"]
[Black "Habes, Jiri"]
[Result "0-1"]
[WhiteElo "1612"]
[BlackElo "1797"]
[PlyCount "118"]
[EventDate "2014.07.26"]
[EventType "tourn (corr)"]
[EventRounds "6"]
[EventCountry "GER"]
[SourceTitle "Corr 2022"]
[Source "ChessBase"]
[SourceDate "2021.10.24"]
[SourceVersion "1"]
[SourceVersionDate "2021.10.24"]
[SourceQuality "1"]

1. e4 c6 2. d4 d5 3. Nc3 dxe4 4. Nxe4 Nf6 5. Nxf6+ exf6 6. c3 Bd6 7. Bd3 0-0 8. Ne2 Re8 9. 0-0 Na6 10. Ng3 Nc7 11. Bd2 g6 12. Ne4 Be7 13. Bh6 f5 14. Nd2 Be6 15. Re1 Rc8 16. Bf1 Bd6 17. g3 Qf6 18. Nc4 Bxc4 19. Rxe8+ Rxe8 20. Bxc4 Nd5 21. Bxd5 cxd5 22. Qa4 Qe6 23. Qxa7 f4 24. Qa4 f3 25. Qb5 Ra8 26. Bd2 Qf5 27. a3 h5 28. Re1 Kg7 29. Re3 h4 30. Qd3 Qh5 31. Rxf3 Rh8 32. Bf4 hxg3 33. Bxg3 Bxg3 34. Rxg3 Qxh2+ 35. Kf1 Re8 36. Re3 Rh8 37. Ke1 Qg1+ 38. Qf1 Qg4 39. Kd2 Rh2 40. Re2 g5 41. Kc2 Rh1 42. Qxh1 Qxe2+ 43. Kb1 Qxf2 44. Qxd5 Kg6 45. Qxb7 g4 46. Qc6+ Kg5 47. Qe8 g3 48. Qg8+ Kh5 49. Qh7+ Kg4 50. Qg7+ Kf3 51. Qxf7+ Ke2 52. Qe6+ Qe3 53. Qg4+ Qf3 54. Qe6+ Kf2 55. Qh6 g2 56. Qd2+ Kf1 57. Qc1+ Ke2 58. Qc2+ Ke1 59. Qc1+ Qd1 0-1

[Event "IECC CL3-2003.04 email"]
[Site "IECC email"]
[Date "2003.02.08"]
[Round "?"]
[White "Oancea, Gheorghe"]
[Black "Chadwick, Charles"]
[Result "1/2-1/2"]
[WhiteElo "1904"]
[BlackElo "1835"]
[PlyCount "90"]
[EventDate "2003.??.??"]
[EventType "tourn (corr)"]
[EventRounds "4"]
[SourceTitle "Corr 2008"]
[Source "ChessBase"]
[SourceDate "2008.06.24"]
[SourceVersion "1"]
[SourceVersionDate "2008.06.24"]
[SourceQuality "1"]

1. e4 c6 2. Nf3 d5 3. exd5 cxd5 4. d4 Nc6 5. Bb5 Bg4 6. h3 Bxf3 7. Qxf3 e6 8. 0-0 Nf6 9. Be3 a6 10. Ba4 b5 11. Bb3 Bd6 12. c3 0-0 13. Nd2 Na5 14. Bc2 Nc4 15. Nxc4 bxc4 16. b4 cxb3 17. axb3 Qc7 18. Bd2 Rfc8 19. Ra4 Qb6 20. Rfa1 Be7 21. Qd3 g6 22. Rxa6 Qb7 23. Rxa8 Rxa8 24. Rxa8+ Qxa8 25. Qe2 Qc6 26. Bd3 Qb6 27. b4 Bd6 28. Qf3 Ne8 29. b5 Be7 30. Qd1 Bd6 31. Qa4 Nc7 32. Bg5 Kf8 33. Qa1 Kg8 34. Kf1 Kf8 35. Kg1 Kg8 36. Qb2 Na8 37. Qb3 Qa5 38. Kf1 Nb6 39. Bd8 Qa7 40. g3 Qb8 41. Bxb6 Qxb6 42. h4 h5 43. f4 Bc7 44. Qb1 Kg7 45. Ke2 Qa7 1/2-1/2

[Event "IECG CP.2002.P.00110 email"]
[Site "IECG email"]
[Date "2002.10.01"]
[Round "?"]
[White "Ferrari, Cristiano"]
[Black "Oancea, Gheorghe"]
[Result "0-1"]
[WhiteElo "1356"]
[BlackElo "1853"]
[PlyCount "86"]
[EventDate "2002.10.01"]
[EventType "tourn (corr)"]
[EventRounds "6"]
[EventCountry "TUR"]
[SourceTitle "Corr 2008"]
[Source "ChessBase"]
[SourceDate "2008.06.24"]
[SourceVersion "1"]
[SourceVersionDate "2008.06.24"]
[SourceQuality "1"]

1. d4 Nf6 2. c4 g6 3. Nc3 d5 4. cxd5 Nxd5 5. e4 Nxc3 6. bxc3 Bg7 7. Bc4 c5 8. Ne2 cxd4 9. cxd4 Nc6 10. Be3 0-0 11. 0-0 Na5 12. Bd3 Be6 13. Qa4 a6 14. Qb4 b5 15. Rfc1 Nc4 16. Bg5 Re8 17. Rab1 Bxd4 18. Rd1 Qb6 19. Nxd4 Qxd4 20. Bxe7 Rac8 21. Bh4 Qg7 22. Bg3 Ne5 23. Bxe5 Qxe5 24. a4 Bc4 25. axb5 axb5 26. Bc2 Qg5 27. Qd2 Qxd2 28. Rxd2 Red8 29. Rxd8+ Rxd8 30. f3 Kg7 31. Bb3 Rd3 32. Bc2 Rd2 33. Bb3 Kf6 34. Bxc4 bxc4 35. Rc1 Rd4 36. Rc3 Ke5 37. Kf2 f5 38. exf5 Kxf5 39. Ke3 Ke5 40. g3 Kd5 41. g4 Kc5 42. Ra3 Rd7 43. Ra7 Rxa7 0-1

[Event "IECG CP.2002.P.00110 email"]
[Site "IECG email"]
[Date "2002.10.01"]
[Round "?"]
[White "Oancea, Gheorghe"]
[Black "Rios, Antonio"]
[Result "0-1"]
[WhiteElo "1853"]
[BlackElo "2146"]
[PlyCount "50"]
[EventDate "2002.10.01"]
[EventType "tourn (corr)"]
[EventRounds "6"]
[EventCountry "TUR"]
[SourceTitle "Corr 2008"]
[Source "ChessBase"]
[SourceDate "2008.06.24"]
[SourceVersion "1"]
[SourceVersionDate "2008.06.24"]
[SourceQuality "1"]

1. e4 c6 2. d4 d5 3. e5 Bf5 4. g4 Be4 5. f3 Bg6 6. h4 h5 7. Nc3 e6 8. Bg5 Be7 9. Nh3 Qb6 10. Na4 Qa5+ 11. c3 hxg4 12. fxg4 Be4 13. Rh2 f6 14. exf6 gxf6 15. Bf4 b5 16. Nc5 Bxc5 17. dxc5 Rxh4 18. Nf2 Rxh2 19. Bxh2 Bg6 20. Bd6 b4 21. Bd3 Bf7 22. c4 Nd7 23. cxd5 cxd5 24. c6 Ne5 25. Bxe5 fxe5 0-1

[Event "IECC CL3-2002.30"]
[Site "IECC email"]
[Date "2002.09.05"]
[Round "?"]
[White "Oancea, Gheorghe"]
[Black "Koch, Martin"]
[Result "1-0"]
[WhiteElo "1967"]
[BlackElo "1909"]
[PlyCount "61"]
[EventDate "2002.??.??"]
[EventType "tourn (corr)"]
[EventRounds "4"]
[SourceTitle "Corr 2008"]
[Source "ChessBase"]
[SourceDate "2008.06.24"]
[SourceVersion "1"]
[SourceVersionDate "2008.06.24"]
[SourceQuality "1"]

1. e4 c5 2. Nf3 d6 3. d4 cxd4 4. Nxd4 Nf6 5. Nc3 a6 6. Bc4 e6 7. 0-0 Be7 8. Qf3 0-0 9. Re1 Nbd7 10. Be2 Ne5 11. Qg3 b5 12. f4 b4 13. Na4 Ng6 14. Nc6 Qc7 15. Nxe7+ Qxe7 16. Bd3 Bb7 17. a3 bxa3 18. Rxa3 Nh5 19. Qg5 Qxg5 20. fxg5 Nhf4 21. Bf1 e5 22. Nb6 Rad8 23. Bxa6 Bxa6 24. Rxa6 d5 25. Bxf4 Nxf4 26. g3 Nh3+ 27. Kg2 Nxg5 28. exd5 f6 29. c4 Rfe8 30. c5 e4 31. Rc1 1-0

[Event "IECC CL3-2002.13"]
[Site "IECC email"]
[Date "2002.04.04"]
[Round "?"]
[White "Oancea, Gheorghe"]
[Black "Zimmerman, Ian T"]
[Result "1-0"]
[WhiteElo "1932"]
[BlackElo "1952"]
[PlyCount "49"]
[EventDate "2002.??.??"]
[EventType "tourn (corr)"]
[EventRounds "4"]
[SourceTitle "Corr 2008"]
[Source "ChessBase"]
[SourceDate "2008.06.24"]
[SourceVersion "1"]
[SourceVersionDate "2008.06.24"]
[SourceQuality "1"]

1. e4 c5 2. Nf3 d6 3. d4 cxd4 4. Nxd4 Nf6 5. Nc3 a6 6. Bc4 e6 7. 0-0 Nc6 8. Nxc6 bxc6 9. Qf3 Be7 10. e5 dxe5 11. Qxc6+ Bd7 12. Qf3 0-0 13. Qe2 Qb8 14. Bxa6 Nd5 15. Nxd5 exd5 16. Rd1 Be6 17. a4 f5 18. Bb5 Qd6 19. a5 f4 20. b3 f3 21. gxf3 Rf6 22. Bd3 e4 23. Bxe4 Qc6 24. Bd3 Bh3 25. Qe5 1-0

[Event "IECC CL3-2001.38"]
[Site "IECC email"]
[Date "2001.11.18"]
[Round "?"]
[White "Oancea, Gheorghe"]
[Black "Malm, Art"]
[Result "0-1"]
[WhiteElo "1950"]
[BlackElo "1786"]
[PlyCount "43"]
[EventDate "2001.??.??"]
[EventType "tourn (corr)"]
[EventRounds "4"]
[SourceTitle "Corr 2008"]
[Source "ChessBase"]
[SourceDate "2008.06.24"]
[SourceVersion "1"]
[SourceVersionDate "2008.06.24"]
[SourceQuality "1"]

1. e4 c5 2. Nf3 Nc6 3. Bc4 e6 4. 0-0 Nge7 5. d4 d5 6. exd5 exd5 7. Bb5 a6 8. Be2 Nxd4 9. Nxd4 cxd4 10. Qxd4 Be6 11. Rd1 Nc6 12. Qc3 Qc7 13. Bh5 0-0-0 14. Bg5 d4 15. Qd2 Bd6 16. Bxd8 Bxh2+ 17. Kh1 Rxd8 18. Qe2 Be5 19. Na3 d3 20. cxd3 Rd4 21. b3 Rh4+ 22. Kg1 0-1

[Event "IECC CL3-2001.25"]
[Site "IECC email"]
[Date "2001.07.23"]
[Round "?"]
[White "Oancea, Gheorghe"]
[Black "Garibaldi, Lucio Manuel"]
[Result "1-0"]
[WhiteElo "1911"]
[BlackElo "1950"]
[PlyCount "37"]
[EventDate "2001.??.??"]
[EventType "tourn (corr)"]
[EventRounds "4"]
[SourceTitle "Corr 2008"]
[Source "ChessBase"]
[SourceDate "2008.06.24"]
[SourceVersion "1"]
[SourceVersionDate "2008.06.24"]
[SourceQuality "1"]

1. e4 e5 2. Nf3 f5 3. exf5 e4 4. Ne5 Nf6 5. Be2 d6 6. Bh5+ Ke7 7. Nf7 Qe8 8. Nxh8 Qxh5 9. Qxh5 Nxh5 10. g4 Nf6 11. h3 Nc6 12. Nc3 Nd4 13. Kd1 Nf3 14. d3 exd3 15. cxd3 c6 16. Be3 b5 17. Ke2 Ne5 18. f4 Ned7 19. Kd2 1-0

[Event "IECG CA.2001.0.00004"]
[Site "IECG email"]
[Date "2001.05.20"]
[Round "?"]
[White "Groffen, Hans"]
[Black "Oancea, Gheorghe"]
[Result "1/2-1/2"]
[WhiteElo "2190"]
[BlackElo "2000"]
[PlyCount "47"]
[EventDate "2001.05.20"]
[EventType "tourn (corr)"]
[EventRounds "6"]
[SourceTitle "Corr 2008"]
[Source "ChessBase"]
[SourceDate "2008.06.24"]
[SourceVersion "1"]
[SourceVersionDate "2008.06.24"]
[SourceQuality "1"]

1. d4 g6 2. e4 Bg7 3. Nc3 d6 4. f4 Nf6 5. Nf3 0-0 6. Be3 Nbd7 7. Qd2 Nb6 8. h3 d5 9. e5 Ne4 10. Nxe4 dxe4 11. Ng5 f5 12. exf6 exf6 13. Nxe4 Re8 14. Nc5 Nd5 15. Bc4 b6 16. Nd3 Be6 17. Bxd5 Qxd5 18. 0-0 Re7 19. b3 Rae8 20. Rfe1 Bf5 21. c3 Bh6 22. Nf2 Qd6 23. d5 Bxf4 24. Bxf4 1/2-1/2

[Event "IECG C1.2000.0.00324"]
[Site "IECG email"]
[Date "2000.11.30"]
[Round "?"]
[White "Oancea, Gheorghe"]
[Black "Popov, Boris"]
[Result "0-1"]
[WhiteElo "2000"]
[BlackElo "2061"]
[PlyCount "42"]
[EventDate "2000.11.30"]
[EventType "tourn (corr)"]
[EventRounds "6"]
[SourceTitle "Corr 2008"]
[Source "ChessBase"]
[SourceDate "2008.06.24"]
[SourceVersion "1"]
[SourceVersionDate "2008.06.24"]
[SourceQuality "1"]

1. e4 c5 2. Nf3 d6 3. Bc4 Nf6 4. Nc3 Nc6 5. 0-0 Bg4 6. Re1 Nd4 7. d3 e6 8. Be3 Bxf3 9. gxf3 a6 10. a4 Nh5 11. a5 Qh4 12. Bxd4 Nf4 13. Ne2 Nh3+ 14. Kg2 cxd4 15. c3 h5 16. Rf1 Rh6 17. Ng3 Nf4+ 18. Kh1 Qh3 19. Qa4+ Kd8 20. Rg1 h4 21. Qc2 Nh5 0-1